| 000 | 00402nam a2200133Ia 4500 | ||
|---|---|---|---|
| 008 | 230907s9999||||xx |||||||||||||| ||und|| | ||
| 082 |
_a658.26 _bTHU |
||
| 100 |
_aThumann, Albert. _936884 |
||
| 245 | 0 | _aPlant engineers and managers guide to energy conservation / | |
| 260 |
_aFairmont Press, _bLiburn, GA : _c2011 |
||
| 300 | _axi, 513 p. : | ||
| 650 |
_aHandbooks, manuals, etc. _911475 |
||
| 942 | _cBK | ||
| 999 |
_c599575 _d599575 |
||